000 00219nam a2200121Ia 4500
100 _a#N/A
650 _aComputer/ IT
942 _cBK
654 _amamdriva
245 _aMandriva
260 _b#N/A
546 _aENGLISH
999 _c34206
_d34206